Normal view
MARC view
- العراق- السياسة الخارجية
Entry Topical Term
001 - CONTROL NUMBER
- control field: 57238
003 - CONTROL NUMBER IDENTIFIER
- control field: JO-AjAnu
005 - DATE AND TIME OF LATEST TRANSACTION
- control field: 20230606083356.0
008 - FIXED-LENGTH DATA ELEMENTS
- fixed length control field: 230606|| aca||aabn | a|a d
040 ## - CATALOGING SOURCE
- Original cataloging agency: JO-AjAnu
- Transcribing agency: JO-AjAnu
150 ## - HEADING--TOPICAL TERM
- Topical term or geographic name entry element: العراق- السياسة الخارجية
670 ## - SOURCE DATA FOUND
- Source citation: Work cat.: (JO-AjAnu)29204: حسين، صدام, author 57237, معركة الإستقلالية والسياسة الدولية: النص الكامل لوقائع المؤتمر الصحفي للرفيق صدام حسين الذي عقد بتاريخ 18 تموز 1978